[Event "AZE-ch (Women)"]
[Site "Baku"]
[Date "2024.02.14"]
[Round "4"]
[White "Valiyeva, Asnad"]
[Black "Rzali, Leyla"]
[Result "0-1"]
[WhiteElo "1614"]
[BlackElo "1473"]
[PlyCount "148"]
[EventDate "2024.02.11"]
[EventType "swiss"]
[EventRounds "7"]
[EventCountry "AZE"]
[SourceTitle "CB09_2024"]
[SourceDate "2024.02.28"]
[SourceVersion "1"]
[SourceVersionDate "2024.02.28"]
[SourceQuality "1"]

1. d4 d5 2. Bf4 Nf6 3. e3 e6 4. Nf3 Bd6 5. Bg3 0-0 6. Bd3 c5 7. c3 b6 8. Ne5 Qc7 9. Nd2 Bxe5 10. Bxe5 Qe7 11. Nf3 Nc6 12. Bg3 Nd7 13. 0-0 h6 14. Re1 c4 15. Bc2 Bb7 16. h3 b5 17. a3 a5 18. e4 Nb6 19. exd5 Nxd5 20. Qe2 Qd7 21. Bh4 Nf4 22. Qe3 Nd5 23. Qe4 g6 24. Qe2 Rfe8 25. Qd2 Kg7 26. Bg3 f6 27. Rad1 Nce7 28. Qe2 Nf5 29. Bh2 Rac8 30. Ra1 b4 31. axb4 axb4 32. Ba4 Bc6 33. Bxc6 Rxc6 34. Qc2 b3 35. Qe2 Nb6 36. Nd2 Qd5 37. Ra7+ Re7 38. Rea1 Nc8 39. R7a5 Qd8 40. Nxc4 Nb6 41. Nxb6 Rxb6 42. Ra8 Qd7 43. Qc4 Rf7 44. R1a3 Qb7 45. Rb8 Qc6 46. Qxc6 Rxc6 47. Bf4 g5 48. Be3 Nd6 49. Raa8 Nb7 50. g4 Rxc3 51. Rg8+ Kh7 52. Rh8+ Kg6 53. Ra3 Rd3 54. Rb8 f5 55. gxf5+ exf5 56. Ra6+ Kg7 57. Ra7 Nd6 58. Rxf7+ Kxf7 59. Kf1 Rd1+ 60. Ke2 Rh1 61. Rxb3 Rxh3 62. Rb6 Nc4 63. Rb4 Nxe3 64. fxe3 g4 65. Kf2 h5 66. Rb6 h4 67. d5 Rh2+ 68. Kg1 Rd2 69. Rh6 h3 70. e4 fxe4 71. Rh4 e3 72. Rxg4 h2+ 73. Kh1 e2 74. Re4 Rd1+ 0-1

[Event "AZE-ch (Women)"]
[Site "Baku"]
[Date "2024.02.12"]
[Round "2"]
[White "Huseynova, Lala"]
[Black "Rzali, Leyla"]
[Result "1-0"]
[WhiteElo "1846"]
[BlackElo "1473"]
[PlyCount "73"]
[EventDate "2024.02.11"]
[EventType "swiss"]
[EventRounds "7"]
[EventCountry "AZE"]
[SourceTitle "CB09_2024"]
[SourceDate "2024.02.28"]
[SourceVersion "1"]
[SourceVersionDate "2024.02.28"]
[SourceQuality "1"]

1. e4 e6 2. d4 d5 3. Nd2 dxe4 4. Nxe4 Be7 5. Nf3 Nd7 6. Bd3 Ngf6 7. 0-0 0-0 8. Ng3 b6 9. Qe2 Bb7 10. Re1 Re8 11. Ne5 Nf8 12. c3 a6 13. f4 c5 14. Be3 cxd4 15. Bxd4 Bd6 16. Rad1 Qc7 17. Kh1 Ng6 18. Bxg6 hxg6 19. Bxb6 Qb8 20. Bd4 Qc7 21. Qf2 Nd5 22. Ne4 Be7 23. c4 Nb4 24. Bb6 Qc8 25. Nd6 Bxd6 26. Rxd6 f6 27. Nxg6 Qxc4 28. Rd7 Bc6 29. Ne7+ Kf8 30. Nxc6 Nxc6 31. Bc5+ Ne7 32. Qe3 Rac8 33. Bd6 Kf7 34. Qa7 Qxa2 35. Bxe7 Kg6 36. Qd4 Kf5 37. Qe4+ 1-0

[Event "World ol U16"]
[Site "Nakhchivan"]
[Date "2022.10.03"]
[Round "2.15"]
[White "Rzali, Leyla"]
[Black "Nel, Hayley"]
[Result "1-0"]
[WhiteElo "1451"]
[BlackElo "1191"]
[PlyCount "85"]
[EventDate "2022.10.02"]
[EventType "team-swiss"]
[EventRounds "9"]
[EventCountry "AZE"]
[SourceTitle "CBM 210 Extra"]
[Source "ChessBase"]
[SourceDate "2022.11.30"]
[SourceVersion "1"]
[SourceVersionDate "2022.11.30"]
[SourceQuality "1"]
[WhiteTeam "Azerbaijan IV"]
[BlackTeam "South Africa II"]
[WhiteTeamCountry "AZE"]
[BlackTeamCountry "RSA"]

1. e4 e5 2. Nf3 Nc6 3. Bb5 g6 4. 0-0 Bg7 5. Re1 Nge7 6. c3 0-0 7. d4 exd4 8. cxd4 a6 9. Ba4 b5 10. Bb3 d5 11. e5 Bg4 12. Be3 Nf5 13. Nc3 Bxf3 14. Qxf3 Ncxd4 15. Bxd4 Nxd4 16. Qxd5 Nxb3 17. axb3 b4 18. Qxd8 Rfxd8 19. Na2 a5 20. Re2 Re8 21. f4 Rad8 22. Rc1 Re7 23. Rc5 Ra8 24. Nc1 Bf8 25. Rec2 Ra7 26. Rd5 Ra8 27. Nd3 Bh6 28. g3 Kg7 29. g4 Kf8 30. g5 Bg7 31. Rcc5 Ke8 32. Rxa5 Rxa5 33. Rxa5 Rd7 34. Ra8+ Ke7 35. Nxb4 Rd1+ 36. Kf2 Rd2+ 37. Ke3 Rxh2 38. Nd5+ Ke6 39. Nxc7+ Kd7 40. Ne8 Bf8 41. Nf6+ Ke6 42. Rxf8 Rh3+ 43. Ke4 1-0

[Event "EU School-ch U09 Girls"]
[Site "Budva"]
[Date "2017.06.16"]
[Round "6"]
[White "Kudriavtseva, Mariia"]
[Black "Rzali, Leyla"]
[Result "1-0"]
[WhiteElo "1201"]
[BlackElo "1171"]
[PlyCount "63"]
[EventDate "2017.06.11"]
[EventType "swiss"]
[EventRounds "9"]
[EventCountry "MNE"]
[SourceTitle "EXT 2024"]
[Source "ChessBase"]
[SourceDate "2023.10.10"]
[SourceVersion "1"]
[SourceVersionDate "2023.10.10"]
[SourceQuality "1"]

1. d4 e6 2. Nf3 d5 3. e3 Nf6 4. Bd3 Be7 5. 0-0 0-0 6. b3 b6 7. Bb2 Bb7 8. c4 c5 9. Nc3 dxc4 10. bxc4 cxd4 11. exd4 Qc7 12. Nb5 Qc6 13. Rc1 a6 14. Nc3 Nbd7 15. d5 exd5 16. cxd5 Nxd5 17. Nxd5 Qxd5 18. Rc7 Rfd8 19. Re1 Bf6 20. Bxf6 Nxf6 21. h3 Qxd3 22. Qxd3 Rxd3 23. Rxb7 Rd6 24. Ree7 Rf8 25. Ng5 h6 26. Nxf7 Rc6 27. Ne5 Rc1+ 28. Kh2 Ne8 29. Ng6 Rxf2 30. Rxe8+ Kh7 31. Rxb6 Rxa2 32. Rh8# 1-0

[Event "EU School-ch U09 Girls"]
[Site "Budva"]
[Date "2017.06.12"]
[Round "2"]
[White "Vlasova, Olesia"]
[Black "Rzali, Leyla"]
[Result "0-1"]
[WhiteElo "1366"]
[BlackElo "1171"]
[PlyCount "120"]
[EventDate "2017.06.11"]
[EventType "swiss"]
[EventRounds "9"]
[EventCountry "MNE"]
[SourceTitle "EXT 2024"]
[Source "ChessBase"]
[SourceDate "2023.10.10"]
[SourceVersion "1"]
[SourceVersionDate "2023.10.10"]
[SourceQuality "1"]

1. e4 e6 2. d4 d5 3. Nd2 Nc6 4. Bb5 Bd7 5. Ngf3 Bb4 6. c3 Ba5 7. 0-0 dxe4 8. Nxe4 a6 9. Bd3 Bb6 10. Re1 Nge7 11. Bg5 0-0 12. Bc2 Qc8 13. Qd3 Ng6 14. Ne5 Ncxe5 15. dxe5 Bc6 16. Qh3 Bxe4 17. Bxe4 Qb8 18. Rad1 Qa7 19. Re2 c6 20. Bxg6 hxg6 21. Be7 Rfe8 22. Bd6 Bc5 23. b4 Bb6 24. Qh4 Bd8 25. Qg4 a5 26. h4 Be7 27. h5 gxh5 28. Qxh5 Rad8 29. Re3 Bxd6 30. exd6 axb4 31. Rh3 f6 32. d7 Rf8 33. Qh7+ Kf7 34. Rg3 Rg8 35. cxb4 b6 36. Rgd3 f5 37. Qh5+ g6 38. Qf3 c5 39. bxc5 bxc5 40. Qc6 Qxa2 41. Qxc5 Qa8 42. Qc4 Qe4 43. Qxe4 fxe4 44. Rd4 Ke7 45. Kf1 Rgf8 46. Ke2 Rf4 47. g3 Rg4 48. Ke3 Rg5 49. Kxe4 Rg4+ 50. Ke3 Rxd4 51. Rxd4 Rxd7 52. Rxd7+ Kxd7 53. Ke4 Ke7 54. Ke5 Kf7 55. f4 Ke7 56. g4 Kf7 57. Kd6 Kf6 58. Kd7 e5 59. fxe5+ Kxe5 60. Kc6 Kf4 0-1